000 00706nam a2200289Ia 4500
005 20260324131110.0
008 008 260324s9999 xx 000 0 eng d
020 _a9780429476754
037 _aEBOOK
040 _aCRL
040 _beng
040 _cCRL
041 _2eng
041 _aeng
084 _qCRL
100 _aDavid Malan; Patricia C. Della Selva
_91184216
245 0 _aLives Transformed
245 2 _bA Revolutionary Method of Dynamic Psychotherapy
260 _bTaylor and Francis
260 _c2006
365 _a
365 _b195
856 _uhttp://www.taylorfrancis.com/books/9780429476754
942 _cEBOOK
999 _c1781079
_d1781079